| 000 | 00941cam a22001934a 4500 | ||
|---|---|---|---|
| 005 | 20250605164021.0 | ||
| 008 | 250528s ||||||||||||||||||||||||d | ||
| 035 | _a16344 | ||
| 020 | _a714824224 | ||
| 040 |
_aGR-AtMCL _bgre _dGR-AtMCL _eAACR2 |
||
| 245 | 1 | _aThe Story of Modern Art | |
| 260 |
_bPhaidon, _c1999 |
||
| 300 | _a400 | ||
| 520 | _aThis book aims at helping readers to form a relaxed and confident relationship to modern art. Preface, Introduction, The New Barbarians, Reality Questioned and Answered, Images of Progress, Art is Dead: Long Live Art, Calls to Order, The Old Masters of Modern Art, Art in the American Grain, Post-War Art in Europe, Recent Painting and Sculpture, Beyond Painting and Sculpture, Post-Isms and Neo-Isms and Art, The Artist in Modern Society, Biographical Notes, Bibliography, Acknowledgements, Index. | ||
| 700 | 1 |
_aLynton Norbert _92436 |
|
| 942 | _cBK | ||
| 999 |
_c1855 _d1855 |
||